<?xml version="1.0" encoding="UTF-8"?>
<record
    xmlns:xsi="http://www.w3.org/2001/XMLSchema-instance"
    xsi:schemaLocation="http://www.loc.gov/MARC21/slim http://www.loc.gov/standards/marcxml/schema/MARC21slim.xsd"
    xmlns="http://www.loc.gov/MARC21/slim">

  <leader>00383nam a22001697a 4500</leader>
  <controlfield tag="003">SGT</controlfield>
  <controlfield tag="005">20260702153907.0</controlfield>
  <datafield tag="020" ind1=" " ind2=" ">
    <subfield code="a">9789364683500</subfield>
  </datafield>
  <datafield tag="082" ind1=" " ind2=" ">
    <subfield code="a">581.1</subfield>
    <subfield code="b">JAI</subfield>
  </datafield>
  <datafield tag="100" ind1=" " ind2=" ">
    <subfield code="a">JAIN, DR. V.K. </subfield>
  </datafield>
  <datafield tag="245" ind1=" " ind2=" ">
    <subfield code="a">FUNDAMENTALS OF PLANT PHYSIOLOGY </subfield>
  </datafield>
  <datafield tag="250" ind1=" " ind2=" ">
    <subfield code="a">21ST </subfield>
  </datafield>
  <datafield tag="260" ind1=" " ind2=" ">
    <subfield code="a">INDIA </subfield>
    <subfield code="b">S.CHAND PUB. </subfield>
    <subfield code="c">2026</subfield>
  </datafield>
  <datafield tag="300" ind1=" " ind2=" ">
    <subfield code="a">894</subfield>
  </datafield>
  <datafield tag="650" ind1=" " ind2=" ">
    <subfield code="a">PLANT PHYSIOLOGY </subfield>
  </datafield>
  <datafield tag="942" ind1=" " ind2=" ">
    <subfield code="2">ddc</subfield>
    <subfield code="c">BK</subfield>
  </datafield>
  <datafield tag="952" ind1=" " ind2=" ">
    <subfield code="0">0</subfield>
    <subfield code="1">0</subfield>
    <subfield code="2">ddc</subfield>
    <subfield code="4">0</subfield>
    <subfield code="7">0</subfield>
    <subfield code="8">FS</subfield>
    <subfield code="a">SSSL</subfield>
    <subfield code="b">SSSL</subfield>
    <subfield code="c">TXT</subfield>
    <subfield code="d">2026-07-02</subfield>
    <subfield code="e">SAVERA BOOKS</subfield>
    <subfield code="g">675.00</subfield>
    <subfield code="i">SGTU</subfield>
    <subfield code="l">0</subfield>
    <subfield code="o">581.1 JAI</subfield>
    <subfield code="p">AG2786</subfield>
    <subfield code="r">2026-07-02 15:39:57</subfield>
    <subfield code="w">2026-05-12</subfield>
    <subfield code="y">BK</subfield>
    <subfield code="k">INV/26-27/0129</subfield>
  </datafield>
  <datafield tag="952" ind1=" " ind2=" ">
    <subfield code="0">0</subfield>
    <subfield code="1">0</subfield>
    <subfield code="2">ddc</subfield>
    <subfield code="4">0</subfield>
    <subfield code="7">0</subfield>
    <subfield code="8">FS</subfield>
    <subfield code="a">SSSL</subfield>
    <subfield code="b">SSSL</subfield>
    <subfield code="c">TXT</subfield>
    <subfield code="d">2026-07-02</subfield>
    <subfield code="e">SAVERA BOOKS</subfield>
    <subfield code="g">675.00</subfield>
    <subfield code="i">SGTU</subfield>
    <subfield code="l">0</subfield>
    <subfield code="o">581.1 JAI</subfield>
    <subfield code="p">AG2787</subfield>
    <subfield code="r">2026-07-02 15:39:57</subfield>
    <subfield code="w">2026-05-12</subfield>
    <subfield code="y">BK</subfield>
    <subfield code="k">INV/26-27/0129</subfield>
  </datafield>
  <datafield tag="952" ind1=" " ind2=" ">
    <subfield code="0">0</subfield>
    <subfield code="1">0</subfield>
    <subfield code="2">ddc</subfield>
    <subfield code="4">0</subfield>
    <subfield code="7">0</subfield>
    <subfield code="8">FS</subfield>
    <subfield code="a">SSSL</subfield>
    <subfield code="b">SSSL</subfield>
    <subfield code="c">TXT</subfield>
    <subfield code="d">2026-07-02</subfield>
    <subfield code="e">SAVERA BOOKS</subfield>
    <subfield code="g">675.00</subfield>
    <subfield code="i">SGTU</subfield>
    <subfield code="l">0</subfield>
    <subfield code="o">581.1 JAI</subfield>
    <subfield code="p">AG2788</subfield>
    <subfield code="r">2026-07-02 15:39:57</subfield>
    <subfield code="w">2026-05-12</subfield>
    <subfield code="y">BK</subfield>
    <subfield code="k">INV/26-27/0129</subfield>
  </datafield>
  <datafield tag="952" ind1=" " ind2=" ">
    <subfield code="0">0</subfield>
    <subfield code="1">0</subfield>
    <subfield code="2">ddc</subfield>
    <subfield code="4">0</subfield>
    <subfield code="7">0</subfield>
    <subfield code="8">FS</subfield>
    <subfield code="a">SSSL</subfield>
    <subfield code="b">SSSL</subfield>
    <subfield code="c">TXT</subfield>
    <subfield code="d">2026-07-02</subfield>
    <subfield code="e">SAVERA BOOKS</subfield>
    <subfield code="g">675.00</subfield>
    <subfield code="i">SGTU</subfield>
    <subfield code="l">0</subfield>
    <subfield code="o">581.1 JAI</subfield>
    <subfield code="p">AG2789</subfield>
    <subfield code="r">2026-07-02 15:39:57</subfield>
    <subfield code="w">2026-05-12</subfield>
    <subfield code="y">BK</subfield>
    <subfield code="k">INV/26-27/0129</subfield>
  </datafield>
  <datafield tag="952" ind1=" " ind2=" ">
    <subfield code="0">0</subfield>
    <subfield code="1">0</subfield>
    <subfield code="2">ddc</subfield>
    <subfield code="4">0</subfield>
    <subfield code="7">0</subfield>
    <subfield code="8">FS</subfield>
    <subfield code="a">SSSL</subfield>
    <subfield code="b">SSSL</subfield>
    <subfield code="c">TXT</subfield>
    <subfield code="d">2026-07-02</subfield>
    <subfield code="e">SAVERA BOOKS</subfield>
    <subfield code="g">675.00</subfield>
    <subfield code="i">SGTU</subfield>
    <subfield code="l">0</subfield>
    <subfield code="o">581.1 JAI</subfield>
    <subfield code="p">AG2790</subfield>
    <subfield code="r">2026-07-02 15:39:57</subfield>
    <subfield code="w">2026-05-12</subfield>
    <subfield code="y">BK</subfield>
    <subfield code="k">INV/26-27/0129</subfield>
  </datafield>
  <datafield tag="952" ind1=" " ind2=" ">
    <subfield code="0">0</subfield>
    <subfield code="1">0</subfield>
    <subfield code="2">ddc</subfield>
    <subfield code="4">0</subfield>
    <subfield code="7">0</subfield>
    <subfield code="8">FS</subfield>
    <subfield code="a">SSSL</subfield>
    <subfield code="b">SSSL</subfield>
    <subfield code="c">TXT</subfield>
    <subfield code="d">2026-07-02</subfield>
    <subfield code="e">SAVERA BOOKS</subfield>
    <subfield code="g">675.00</subfield>
    <subfield code="i">SGTU</subfield>
    <subfield code="l">0</subfield>
    <subfield code="o">581.1 JAI</subfield>
    <subfield code="p">AG2791</subfield>
    <subfield code="r">2026-07-02 15:39:57</subfield>
    <subfield code="w">2026-05-12</subfield>
    <subfield code="y">BK</subfield>
    <subfield code="k">INV/26-27/0129</subfield>
  </datafield>
  <datafield tag="999" ind1=" " ind2=" ">
    <subfield code="c">35004</subfield>
    <subfield code="d">35004</subfield>
  </datafield>
</record>
